000 00763nam a22002777a 4500
001 BR7375970
003 BR-BrBNA
005 20230928084451.0
007 ta
008 230509b bl.||||| |||| 00| 0 por d
040 _aBR-BrBNA
_bpor
_cBiblioteca Nacional de Agricultura
041 _a(Por)
072 _aE70
_b9000
_b/G514
090 _ 9000 BR7375970
100 1 _aFernandes, G.
110 1 _aMinisterio da Educacao e Cultura, Brasilia, DF (Brasil)
_97005
245 1 _aProblemas de abastecimento alimentar no Recife [Brasil]
260 3 _aBrasilia, DF (Brasil):
_c1962.
300 _a442 p.
650 _aALIMENTO
650 _aABASTECIMENTO
650 _aRECIFE
650 _aPERNAMBUCO
909 _a202309
_bLucia
_c55
_dLucia Elande
942 _cBK
999 _c19144
_d19144